| 000 | 00685nam a2200193Ia 4500 | ||
|---|---|---|---|
| 999 |
_c47054 _d47054 |
||
| 001 | 13911 | ||
| 003 | GE_BSU | ||
| 005 | 20190605220204.0 | ||
| 008 | 181216s1969||||ge |||||||||||||| ||geo|| | ||
| 040 | _cGE_BSU | ||
| 041 | _ageo | ||
| 080 | _a744 : 69(075.8) ა-26 | ||
| 100 |
_aადამია, ი. _92217 |
||
| 245 |
_aსამშენებლო ხაზვა : _bდამხმ. სახელმძღ. / _cი. ადამია |
||
| 264 |
_aთბილისი : _bგანათლება, _c1969. |
||
| 300 |
_a178 გვ. : _bილ. _c30 სმ. _eტაბულები. |
||
| 653 | _aსამშენებლი ხაზვა | ||
| 942 |
_cBK _2udc |
||